000 00566nam a2200205 a 4500
001 BRL_859
005 20190320210928.0
008 211013s1959----mx-a######---#000-0#spa-#
041 _aspa
044 _amx
050 4 _aPQ7297
_b.B53 1959
100 1 _aBlanco Moheno, Roberto
_925156
245 1 0 _aJicaltepec
_bcasi una novela
_cpor Roberto Blanco Moheno con 80 páginas autobiográficas.
260 _aMéxico
_bLibros Mex
_c1959
300 _a168 p.
_c21 cm.
500 _aAu953
650 1 4 _anovela mexicana
_ySiglo XX
_923904
902 _aGRL
942 _2lcc
_cB
999 _c9671
_d9671